Rinaldo / (Record no. 195984)
[ view plain ]
| 000 -LEADER | |
|---|---|
| campo de control de longitud fija | 02742njm a2200601 i 4500 |
| 001 - NÚMERO DE CONTROL | |
| campo de control | 195984 |
| 003 - IDENTIFICADOR DE NÚMERO DE CONTROL | |
| campo de control | ES-MaACL |
| 005 - FECHA Y HORA DE LA ÚLTIMA TRANSACCIÓN | |
| campo de control | 20250904042249.0 |
| 007 - CAMPO FIJO DE DESCRIPCIÓN FÍSICA--INFORMACIÓN GENERAL | |
| campo de control de longitud fija | sd*fsngnnmmned |
| 008 - DATOS DE LONGITUD FIJA--INFORMACIÓN GENERAL | |
| campo de control de longitud fija | 240209s2006 sp opn d / ita |
| 015 ## - NÚMERO DE BIBLIOGRAFÍA NACIONAL | |
| Número de bibliografía nacional | SON06 |
| 017 ## - NÚMERO DE COPYRIGHT O DE DEPÓSITO LEGAL | |
| Número de copyright o de depósito legal | M 48037-2006 |
| Agencia que asigna | Oficina Depósito Legal Madrid |
| 020 ## - NÚMERO INTERNACIONAL ESTÁNDAR DEL LIBRO | |
| Número Internacional Estándar del Libro | 9788493552329 |
| 035 ## - NÚMERO DE CONTROL DEL SISTEMA | |
| Número de control de sistema | (OCoLC)431145797 |
| 035 ## - NÚMERO DE CONTROL DEL SISTEMA | |
| Número de control de sistema | (SpMaBN)a4554245 |
| 040 ## - FUENTE DE CATALOGACIÓN | |
| Centro catalogador/agencia de origen | SpMaBN |
| Lengua de catalogación | spa |
| Centro/agencia transcriptor | SpMaBN |
| Normas de descripción | rdc |
| 100 1# - ENTRADA PRINCIPAL--NOMBRE DE PERSONA | |
| Nombre de persona | Handel, George Frideric, |
| Fechas asociadas al nombre | 1685-1759 |
| 9 (RLIN) | 240517 |
| Término indicativo de función/relación | Compositor |
| 240 10 - TÍTULO UNIFORME | |
| Título uniforme | Rinaldo |
| 245 10 - MENCIÓN DEL TÍTULO | |
| Título | Rinaldo / |
| Mención de responsabilidad, etc. | Haendel ; libreto de Aaron Hill y Giacomo Rossi |
| Medio | [Grabación sonora] |
| 260 ## - PUBLICACIÓN, DISTRIBUCIÓN, ETC. | |
| Lugar de publicación, distribución, etc. | Madrid : |
| Nombre del editor, distribuidor, etc. | Prisa Innova, |
| Fecha de publicación, distribución, etc. | D.L. 2006 |
| 264 ## - PRODUCCIÓN, PUBLICACIÓN, DISTRIBUCIÓN, FABRICACIÓN Y COPYRIGHT | |
| Producción, publicación, distribución, fabricación y copyright | ©2007 |
| 300 ## - DESCRIPCIÓN FÍSICA | |
| Extensión | 2 discos (CD Audio) + |
| Material acompañante/anejo | 1 libro (59 páginas) |
| 336 ## - TIPO DE CONTENIDO | |
| Fuente | rdacontent |
| Término de tipo de contenido | música (interpretada) |
| 337 ## - TIPO DE MEDIO | |
| Fuente | rdamedia |
| Nombre/término del tipo de medio | audio |
| 338 ## - TIPO DE SOPORTE | |
| Fuente | rdacarrier |
| Nombre/término del tipo de soporte | volumen |
| 490 1# - MENCIÓN DE SERIE | |
| Mención de serie | Los clásicos de la ópera, 400 años ; |
| Designación de volumen o secuencia | 6 |
| 500 ## - NOTA GENERAL | |
| Nota general | Remasterizado |
| 511 1# - NOTA DE PARTICIPANTES O INTÉRPRETES | |
| Nota de participantes o intérpretes | Marilyn Horne, Cecilia Gasdia, Ernesto Palacio, Christine Weidinger, Natale de Carolis, Carlo Colombara, Caterina Calvi, Cosetta Tosetti, Fabio Tartari ; Orquesta del Teatro La Fenice de Venecia ; John Fisher, director musical. |
| 518 ## - NOTA DE FECHA/HORA Y LUGAR DE UN ACONTECIMIENTO | |
| Nota de fecha/hora y lugar de un acontecimiento | Grabado en Venecia en junio de 1989 |
| 520 ## - RESUMEN, ETC. | |
| Sumario, etc. | Estrenada el 24 de febrero de 171 en el Queen's Theater de Haymarket, Rinaldo fue la primera ópera de Haendel representada en Inglaterra y la primera ópera italiana compuesta expresamente para Londres. Fue también la primera de cinco óperas mágicas de producción haendeliana. |
| 650 #7 - PUNTO DE ACCESO ADICIONAL DE MATERIA--TÉRMINO DE MATERIA | |
| Término de materia o nombre geográfico como elemento de entrada | Óperas- |
| 9 (RLIN) | 137584 |
| Subdivisión de forma | Libretos |
| 655 #7 - TERMINO DE INDIZACIÓN--GENERO/FORMA | |
| Datos o término principal de género/forma | Libretos |
| Fuente del término | |
| 9 (RLIN) | 242219 |
| 700 1# - ENTRADA AGREGADA--NOMBRE PERSONAL | |
| Nombre de persona | Hill, Aaron |
| 9 (RLIN) | 237894 |
| Término indicativo de función/relación | Libretista |
| 700 1# - ENTRADA AGREGADA--NOMBRE PERSONAL | |
| Nombre de persona | Rossi, Giacomo |
| 9 (RLIN) | 237895 |
| Término indicativo de función/relación | Libretista |
| 700 1# - ENTRADA AGREGADA--NOMBRE PERSONAL | |
| Nombre de persona | Horne, Marilyn, |
| Fechas asociadas al nombre | 1934- |
| 9 (RLIN) | 237896 |
| Término indicativo de función/relación | Intérprete |
| 700 1# - ENTRADA AGREGADA--NOMBRE PERSONAL | |
| Nombre de persona | Gasdía, Cecilia, |
| Fechas asociadas al nombre | 1960- |
| 9 (RLIN) | 237897 |
| Término indicativo de función/relación | Intérprete |
| 700 1# - ENTRADA AGREGADA--NOMBRE PERSONAL | |
| Nombre de persona | Palacio, Ernesto, |
| Fechas asociadas al nombre | 1946- |
| 9 (RLIN) | 237898 |
| Término indicativo de función/relación | Intérprete |
| 700 1# - ENTRADA AGREGADA--NOMBRE PERSONAL | |
| Nombre de persona | Weidinger, Christine, |
| Fechas asociadas al nombre | 1946- |
| 9 (RLIN) | 237899 |
| Término indicativo de función/relación | Intérprete |
| 700 1# - ENTRADA AGREGADA--NOMBRE PERSONAL | |
| Nombre de persona | Carolis, Natale de |
| 9 (RLIN) | 237900 |
| Término indicativo de función/relación | Intérprete |
| 700 1# - ENTRADA AGREGADA--NOMBRE PERSONAL | |
| Nombre de persona | Colombara, Carlo |
| 9 (RLIN) | 237901 |
| Término indicativo de función/relación | Intérprete |
| 700 1# - ENTRADA AGREGADA--NOMBRE PERSONAL | |
| Nombre de persona | Calvi, Caterina |
| Término indicativo de función/relación | Intérprete |
| 9 (RLIN) | 240519 |
| 700 1# - ENTRADA AGREGADA--NOMBRE PERSONAL | |
| Nombre de persona | Tosetti, Cosetta |
| Término indicativo de función/relación | Intérprete |
| 9 (RLIN) | 240520 |
| 700 1# - ENTRADA AGREGADA--NOMBRE PERSONAL | |
| Nombre de persona | Tartari, Fabio |
| Término indicativo de función/relación | Intérprete |
| 9 (RLIN) | 240521 |
| 700 1# - ENTRADA AGREGADA--NOMBRE PERSONAL | |
| Nombre de persona | Fisher, John, |
| Fechas asociadas al nombre | 1950- |
| 9 (RLIN) | 237902 |
| Término indicativo de función/relación | Director musical |
| 710 2# - ENTRADA AGREGADA--NOMBRE DE ENTIDAD CORPORATIVA | |
| Nombre de entidad corporativa o nombre de jurisdicción como elemento de entrada | Teatro La Fenice (Venezia) |
| Unidad subordinada | Orchestra |
| 9 (RLIN) | 237903 |
| 852 ## - LOCALIZACIÓN | |
| Ubicación | ES.MaACL |
| Sublocalización o colección | R.155017 |
| Ubicación en estantería | Depósito J |
| Número de control de estantería | N-9801 |
| Donativo/Legado | Donación: Miren Fernández |
| Encuadernación | Encuadernación cartoné |
| Designación de la unidad física | Volumen 6 |
| itemnumber | 205579 |
| 903 ## - NOMBRE PERSONAL DE DONANTE | |
| a | Fernández, Miren |
| e | Donante |
| 942 ## - ELEMENTOS DE ENTRADA SECUNDARIOS (KOHA) | |
| Tipo de ítem Koha | Libro impreso |
| Suprimir en OPAC | No |
| Estatus retirado | Estado de pérdida | Fuente del sistema de clasificación o colocación | Estado de daño | No para préstamo | Biblioteca de origen | Biblioteca actual | Ubicación en estantería | Fecha de adquisición | Fuente de adquisición | Total de préstamos | Signatura topográfica completa | Código de barras | Visto por última vez | Precio de reemplazo | Tipo de ítem Koha |
|---|---|---|---|---|---|---|---|---|---|---|---|---|---|---|---|
| Clasificación decimal universal | Biblioteca del Ateneo de Madrid | Biblioteca del Ateneo de Madrid | Depósito J | 16/05/2025 | Donación | N-9801 | 101230106 | 16/05/2025 | 16/05/2025 | Libro impreso |
